|
|
|
|
| LEADER |
00000nam a22000007a 4500 |
| 005 |
20110906124710.0 |
| 008 |
110906t2008 mx ||||s|||| 00| 0 spa d |
| 020 |
|
|
|a 978-970-665-304-8
|
| 035 |
|
|
|a 5620
|
| 040 |
|
|
|a vLex
|
| 090 |
|
|
|c 2391
|d 2391
|
| 100 |
1 |
|
|a Cocina Martn̕ez, Javier
|
| 245 |
1 |
0 |
|a Instrumentos financieros derivados y operaciones de cobertura
|h [Recurso electrn̤ico] :
|b Anl̀isis normativos. Ejercicios ilustrativos sobre: Contratos forward. Contratos sobre futuros. Opciones. Swaps /
|c Javier Cocina Martn̕ez
|
| 256 |
|
|
|a Servicio en ln̕ea.
|
| 260 |
|
|
|a [Mx̌ico] :
|b Instituto Mexicano de Contadores Pb︢licos,
|c 2008.
|
| 300 |
|
|
|a 1 recurso electrn̤ico
|
| 500 |
|
|
|a El diseǫ de un plan apropiado de coberturas, en la administracin̤ de riesgos, reclama la intervencin̤ de tčnicos expertos que no necesariamente deben ser Contadores; no obstante, algunos de estos profesionales, por no conocer esas tčnicas de valuacin̤, temen tomar las decisiones adecuadas para su contabilizacin̤ y, con frecuencia, recurren al consejo de otros.
|
| 506 |
1 |
|
|a Contenido solo disponible en los productos indicados
|d vLex Global
|d vLex Global (Academic Edition, excluding Law Schools)
|d vLex Global (U.S. Academic Edition, Law Schools)
|d vLex Global (U.S. Academic Edition, excluding Law Schools)
|d vLex Global (Academic Edition, Law Schools)
|
| 650 |
0 |
4 |
|a Instrumentos financieros
|z Mx̌ico
|
| 710 |
2 |
|
|a Instituto Mexicano de Contadores Pb︢licos
|
| 740 |
0 |
|
|a vLex Libros (Servicio en ln̕ea)
|
| 856 |
4 |
0 |
|u http://vlex.com/source/instrumentos-financieros-derivados-operaciones-cobertura-5620
|z Acceso restringido
|
| 942 |
|
|
|c BOOK
|